000 00772nam a2200241Ia 4500
003 GCL
008 140319s9999 xx 000 0 ara d
020 _a5624509953
040 _aGCL /
_cGCL
082 0 4 _a337.1
_bع م
245 1 0 _aالعولمة والنظام الدولى الجديد
250 _aالاولى
260 _aبيروت :
_bمركز دراسات الوحدة العربية ،
_c2004
300 _a185ص ؛
_c24سم
490 _aسلسلة كتب المستقبل العربى
_v38
650 0 4 _aالتكامل الاقتصادى
650 0 4 _aالاقتصاد الدولى
650 0 4 _aالتعاون الدولى
650 0 4 _aالانتاج
650 0 4 _aالعولمة
650 0 4 _aالاقتصاد - تخطيط
942 _2ddc
_cBK
999 _c7535
_d7535